<?xml version="1.0" encoding="UTF-8"?>
<record
    xmlns:xsi="http://www.w3.org/2001/XMLSchema-instance"
    xsi:schemaLocation="http://www.loc.gov/MARC21/slim http://www.loc.gov/standards/marcxml/schema/MARC21slim.xsd"
    xmlns="http://www.loc.gov/MARC21/slim">

  <leader>01997    a2200253   4500</leader>
  <controlfield tag="001">45837</controlfield>
  <controlfield tag="005">20260407155730.0</controlfield>
  <controlfield tag="008">260407a1997    arg                 spa d</controlfield>
  <controlfield tag="003">AR-UNSa-BCEJYS</controlfield>
  <datafield tag="040" ind1=" " ind2=" ">
    <subfield code="a">AR-UNSa-BCEJYS</subfield>
    <subfield code="b">spa</subfield>
    <subfield code="c">AR-UNSa-BCEJYS</subfield>
  </datafield>
  <datafield tag="080" ind1=" " ind2=" ">
    <subfield code="a">338.45:676</subfield>
    <subfield code="x">Industria del papel y carton (sector econ&#xF3;mico)</subfield>
  </datafield>
  <datafield tag="245" ind1="1" ind2="0">
    <subfield code="a">Reestructuraci&#xF3;n industrial y apertura econ&#xF3;mica</subfield>
    <subfield code="p">la industria de celulosa y papel de Argentina, Brasil y Chile en los a&#xF1;os 90</subfield>
  </datafield>
  <datafield tag="020" ind1=" " ind2=" ">
    <subfield code="a">950-40-0151-3</subfield>
  </datafield>
  <datafield tag="264" ind1=" " ind2="1">
    <subfield code="a">Buenos Aires :</subfield>
    <subfield code="b">Alianza</subfield>
    <subfield code="c">1997</subfield>
  </datafield>
  <datafield tag="300" ind1=" " ind2=" ">
    <subfield code="a">383 p.</subfield>
    <subfield code="c">20 cm.</subfield>
  </datafield>
  <datafield tag="505" ind1=" " ind2=" ">
    <subfield code="a">Primera Parte : La industria celulosa y papel a nivel internacional : principales caracter&#xED;sticas y tendencias recientes : 1. Desarrollo y estructura de la industria mundial de celulosa y papel / Mauricio Mendon&#xC7;a &#x2013; 2. El desarrollo y las perspectivas de la industria sueca de pulpa y papel / B&#xF6;rje Svensson - - Segunda Parte : La producci&#xF3;n y de celulosa y papel en Argentina, Brasil y Chile despu&#xE9;s de la industrializaci&#xF3;n sustitutiva : 3. Desarrollo y crisis de la producci&#xF3;n de celulosa en Argentina / N&#xE9;stor Bercovich y Martina Chidiak &#x2013; 4. Desarrollo y competitividad de la industria de la celulosa y papel en Brasil / Mauricio Mendon&#xC7;a &#x2013; 5. Evoluci&#xF3;n, reestructuraci&#xF3;n y &#xE9;xito exportador de la industria chilena de celulosa y papel,/ Giovanni Stumpo - - Tercera Parte : 6. Un an&#xE1;lisis comparativo del desarrollo de la industria de celulosa y papel en Argentina, Brasil y chile / N&#xE9;stor Bercovich y Mauricio Mendon&#xC7;a - - Cuarta Parte : Balance y perspectivas de la industria de celulosa y papel en el Cono Sur de Am&#xE9;rica latina en los a&#xF1;os noventa. Algunas conclusiones /  N&#xE9;stor Bercovich.  </subfield>
  </datafield>
  <datafield tag="041" ind1=" " ind2=" ">
    <subfield code="a">spa</subfield>
  </datafield>
  <datafield tag="942" ind1=" " ind2=" ">
    <subfield code="c">BK</subfield>
  </datafield>
  <datafield tag="590" ind1=" " ind2=" ">
    <subfield code="a">niveau_biblio:m niveau_hierar:0</subfield>
  </datafield>
  <datafield tag="100" ind1="1" ind2=" ">
    <subfield code="a">Katz, Jorge M.</subfield>
  </datafield>
  <datafield tag="700" ind1="1" ind2=" ">
    <subfield code="a">Bercovich, N&#xE9;stor</subfield>
  </datafield>
  <datafield tag="700" ind1="1" ind2=" ">
    <subfield code="a">Chidiak, Martina</subfield>
  </datafield>
  <datafield tag="856" ind1="4" ind2="1">
    <subfield code="u">https://www.biblioeco.unsa.edu.ar/pmb/images/libros/L85553.jpg</subfield>
    <subfield code="y">Imagen de portada</subfield>
    <subfield code="q">image/jpeg</subfield>
  </datafield>
  <datafield tag="999" ind1=" " ind2=" ">
    <subfield code="c">4019</subfield>
    <subfield code="d">4019</subfield>
  </datafield>
  <datafield tag="952" ind1=" " ind2=" ">
    <subfield code="0">0</subfield>
    <subfield code="1">0</subfield>
    <subfield code="4">0</subfield>
    <subfield code="7">0</subfield>
    <subfield code="a">BCEJYS</subfield>
    <subfield code="b">BCEJYS</subfield>
    <subfield code="c">16</subfield>
    <subfield code="d">2026-04-07</subfield>
    <subfield code="l">0</subfield>
    <subfield code="o">338.45:676 B485</subfield>
    <subfield code="p">L85553</subfield>
    <subfield code="r">2026-04-07 15:57:30</subfield>
    <subfield code="w">2026-04-07</subfield>
    <subfield code="y">L</subfield>
  </datafield>
  <datafield tag="952" ind1=" " ind2=" ">
    <subfield code="0">0</subfield>
    <subfield code="1">0</subfield>
    <subfield code="4">0</subfield>
    <subfield code="7">0</subfield>
    <subfield code="a">BCEJYS</subfield>
    <subfield code="b">BCEJYS</subfield>
    <subfield code="c">16</subfield>
    <subfield code="d">2026-04-07</subfield>
    <subfield code="l">0</subfield>
    <subfield code="o">338.45:676 B485</subfield>
    <subfield code="p">L85556</subfield>
    <subfield code="r">2026-04-07 15:57:30</subfield>
    <subfield code="w">2026-04-07</subfield>
    <subfield code="y">L</subfield>
  </datafield>
  <datafield tag="952" ind1=" " ind2=" ">
    <subfield code="0">0</subfield>
    <subfield code="1">0</subfield>
    <subfield code="4">0</subfield>
    <subfield code="7">0</subfield>
    <subfield code="a">BCEJYS</subfield>
    <subfield code="b">BCEJYS</subfield>
    <subfield code="c">16</subfield>
    <subfield code="d">2026-04-07</subfield>
    <subfield code="l">0</subfield>
    <subfield code="o">338.45:676 B485</subfield>
    <subfield code="p">L85554</subfield>
    <subfield code="r">2026-04-07 15:57:30</subfield>
    <subfield code="w">2026-04-07</subfield>
    <subfield code="y">L</subfield>
  </datafield>
  <datafield tag="952" ind1=" " ind2=" ">
    <subfield code="0">0</subfield>
    <subfield code="1">0</subfield>
    <subfield code="4">0</subfield>
    <subfield code="7">0</subfield>
    <subfield code="a">BCEJYS</subfield>
    <subfield code="b">BCEJYS</subfield>
    <subfield code="c">16</subfield>
    <subfield code="d">2026-04-07</subfield>
    <subfield code="l">0</subfield>
    <subfield code="o">338.45:676 B485</subfield>
    <subfield code="p">L85557</subfield>
    <subfield code="r">2026-04-07 15:57:30</subfield>
    <subfield code="w">2026-04-07</subfield>
    <subfield code="y">L</subfield>
  </datafield>
  <datafield tag="952" ind1=" " ind2=" ">
    <subfield code="0">0</subfield>
    <subfield code="1">0</subfield>
    <subfield code="4">0</subfield>
    <subfield code="7">0</subfield>
    <subfield code="a">BCEJYS</subfield>
    <subfield code="b">BCEJYS</subfield>
    <subfield code="c">16</subfield>
    <subfield code="d">2026-04-07</subfield>
    <subfield code="l">0</subfield>
    <subfield code="o">338.45:676 B485</subfield>
    <subfield code="p">L85555</subfield>
    <subfield code="r">2026-04-07 15:57:30</subfield>
    <subfield code="w">2026-04-07</subfield>
    <subfield code="y">L</subfield>
  </datafield>
</record>
